000
00292nam a2200121Ia 4500
008
190216s9999||||xx |||||||||||||| ||und||
100
_a
Mehta J L
245
0
_a
History Of Medieval India
260
_b
Sterling Publications
_c
1983
300
_a
324p
650
_a
Indian Muslims
942
_c
BK
999
_c
19596
_d
19596